Normal view
MARC view
- González Castro, Isolina
Entry Nombre Personal
001 - NUMERO DE CONTROL
- campo de control: 59431
003 - IDENTIFICADOR DE NUMERO DE CONTROL
- campo de control: UPN
005 - FECHA Y HORA DE LA ÜLTIMA TRANSACCIÓN
- campo de control: 20260429101853.0
008 - DATOS DE LONGITUD FIJA
- campo de control de longitud fija: 260429|| acz||aabn | a|a d
024 ## - OTROS IDENTIFICADORES NORMALIZADOS
- Fuente: orcid
- Número normalizado o código: https://orcid.org/0000-0002-7265-6725
040 ## - FUENTE DE CATALOGACIÓN
- Agencia original de catalogación: MX-MxUPN
100 1# - ENCABEZAMIENTO - NOMBRE PERSONAL
- Nombre personal: González Castro, Isolina
370 ## - LUGAR ASOCIADO
- Place of birth: Hermosillo, Sonora, México
371 ## - DIRECCIÓN
- Electronic mail address: igonzalez@itson.edu.mx
372 ## - CAMPO DE ACTIVIDAD
- Field of activity: Educación, docencia, la formación de capital humano para la educación, la gestión y el uso de la tecnología.
- Field of activity: Docencia e investigación
373 ## - GRUPO ASOCIADO
- Associated group: Instituto Tecnológico de Sonora
374 ## - OCUPACIÓN
- Occupation: Doctora en Educación
- Occupation: Profesora e investigadora universitaria
670 ## - FUENTE EN LA QUE SE LOCALIZARON DATOS
- Cita de la fuente: En recurso en línea: Innovación educativa (México), Vol. 26 no. 100, (2026):
- Información localizada: página 10 (Isolina González Castro)
- Uniform Resource Identifier: https://www.ipn.mx/assets/files/innovacion/docs/Docencia-politecnica/Docencia-politecnica-26/validación-de-una-escala-de-alfabetización-(-p10-28)1-(1).pdf
902 ## - CATALOGADOR
- Catalogador: RGJD/290426
